Logo BPK

Bibliografia Prac Pracowników

Politechniki Koszalińskiej

„Ich finde in der Menschennatur eine entsetzliche Gleichheit.“ Georg Büchners emanzipatorisches Gedankengut / (Rekord nr 7803)

Szczegóły MARC
000 -ETYKIETA REKORDU
podpole kontrolne o stałej długości 00892naa a22001817i 4500
001 - NUMER KONTROLNY REKORDU
podpole kontrolne 7803
003 - IDENTYFIKATOR NUMERU KONTROLNEGO REKORDU
podpole kontrolne KOSZ 005
005 - DATA OSTATNIEJ MODYFIKACJI REKORDU
podpole kontrolne 20171213102057.0
008 - POLE O STAŁEJ DŁUGOŚCI - DANE KONTROLNE
podpole kontrolne o stałej długości 160308s2010 |||f| ||||1|| 0 ger
035 ## - NUMER SYSTEMOWY
Numer systemowy przejętego rekordu PBN-R:362912
040 ## - ŹRÓDŁO KATALOGOWANIA
Instytucja, która utworzyła rekord KOSZ 005/md
Instytucja, która sporządziła opis PBN-ID
Instytucja, która dokonała modyfikacji KOSZ 005/EG
-- KOSZ 005/HR
041 0# - KOD JĘZYKA
Kod języka tekstu ger
100 1# - NAZWA OSOBOWA
Nazwa osobowa MROŻEWSKA, Anna.
Lata pracy 2004 - .
Instytucja Politechnika Koszalińska - Instytut Neofilologii i Komunikacji Społecznej,
Wydział Zakład Filologii Germańskiej
245 10 - TYTUŁ/ODPOWIEDZIALNOŚĆ
Tytuł „Ich finde in der Menschennatur eine entsetzliche Gleichheit.“ Georg Büchners emanzipatorisches Gedankengut /
Pozostałe elementy strefy tytułu i oznaczenia odpowiedzialności Anna Mrożewska.
655 #0 - TERMIN INDEKSOWY - OKREŚLENIE RODZAJU/FORMY DOKUMENTU
Określnie rodzaju/formy dokumentu Materiały konferencyjne
773 0# - TYTUŁ DOKUMENTU MACIERZYSTEGO
Wyrażenie wprowadzające W:
Tytuł Wschód - Zachód : dialog kultur : Studien zur Sprache und Literatur / pod red. Marioli Smolińskiej i Barbary Widawskiej. -
Adres wydawniczy Słupsk : Wydaw. Naukowe Akademii Pomorskiej, 2010. -
Informacje dotyczące relacji s. 152-156
ISBN 9788374671446
942 ## - HASŁO DODATKOWE - ELEMENTY(KOHA)
Typ dokumentu Rozdział
Schemat klasyfikacji Uniwersalna klasyfikacja dziesiętna

Brak dostępnych egzemplarzy.

© 2014 Biblioteka Politechniki Koszalińskiej :: BIBLIOGRAFIA PRAC PRACOWNIKÓW